[Event "Leiden op-A 10th"]
[Site "Leiden"]
[Date "2016.07.18"]
[Round "4"]
[White "Mokal, Amruta Sunil"]
[Black "Van der Pluijm, Dik"]
[Result "1-0"]
[WhiteElo "2078"]
[BlackElo "1905"]
[PlyCount "53"]
[EventDate "2016.07.15"]
[EventType "swiss"]
[EventRounds "9"]
[EventCountry "NED"]
[SourceTitle "CBM 173 Extra"]
[Source "ChessBase"]
[SourceDate "2016.08.29"]
[SourceVersion "1"]
[SourceVersionDate "2016.08.29"]
[SourceQuality "1"]

1. e4 e6 2. d4 d5 3. e5 c5 4. c3 Nc6 5. Nf3 Nh6 6. a3 cxd4 7. cxd4 Qb6 8. b4 Nf5 9. Be3 a5 10. b5 Na7 11. a4 Bb4+ 12. Nbd2 Bc3 13. Rc1 Bxd4 14. Nxd4 Nxe3 15. fxe3 Bd7 16. Bd3 Rc8 17. Rxc8+ Nxc8 18. 0-0 g6 19. N2f3 0-0 20. Ng5 Ne7 21. Qf3 Nf5 22. Bxf5 exf5 23. Qxd5 h6 24. Qxd7 hxg5 25. e6 fxe6 26. Nxe6 Qxe3+ 27. Kh1 1-0

[Event "Rotterdam Pathena op"]
[Site "Rotterdam"]
[Date "2015.05.07"]
[Round "6"]
[White "Tate, Emory"]
[Black "Van der Pluijm, Dik"]
[Result "1-0"]
[WhiteElo "2300"]
[BlackElo "1801"]
[PlyCount "79"]
[EventDate "2015.05.02"]
[EventType "swiss"]
[EventRounds "7"]
[EventCountry "NED"]
[SourceTitle "CBM 166 Extra"]
[Source "ChessBase"]
[SourceDate "2015.06.18"]
[SourceVersion "1"]
[SourceVersionDate "2015.06.18"]
[SourceQuality "1"]

1. Nf3 e6 2. e4 d5 3. Nc3 Nf6 4. e5 Nfd7 5. d4 c5 6. dxc5 Nc6 7. Bf4 Nxc5 8. Bd3 Be7 9. h4 a6 10. h5 b5 11. Ne2 Bb7 12. Ned4 Rc8 13. Nxc6 Bxc6 14. Nd4 Bg5 15. Qg4 Qa5+ 16. Kf1 Bxf4 17. Qxf4 Qb4 18. Nxe6 Qxf4 19. Nxf4 0-0 20. Bf5 Bd7 21. Nxd5 Rfe8 22. Bxd7 Nxd7 23. Ne3 Rxe5 24. h6 Re6 25. hxg7 Kxg7 26. Rh4 Ne5 27. b3 Ng6 28. Rd4 Ne7 29. Rad1 Rxe3 30. fxe3 Nf5 31. R4d3 Rxc2 32. R1d2 Ng3+ 33. Kg1 Rc1+ 34. Rd1 Rc2 35. R3d2 Rc3 36. Re1 Ne4 37. Rd4 f5 38. Rd7+ Kg6 39. Re7 a5 40. Ra7 1-0

[Event "Rotterdam Pathena op"]
[Site "Rotterdam"]
[Date "2015.05.03"]
[Round "2"]
[White "Van der Pluijm, Dik"]
[Black "De Jager, Leo"]
[Result "1-0"]
[WhiteElo "1801"]
[BlackElo "1888"]
[PlyCount "109"]
[EventDate "2015.05.02"]
[EventType "swiss"]
[EventRounds "7"]
[EventCountry "NED"]
[SourceTitle "CBM 166 Extra"]
[Source "ChessBase"]
[SourceDate "2015.06.18"]
[SourceVersion "1"]
[SourceVersionDate "2015.06.18"]
[SourceQuality "1"]

1. c4 c5 2. g3 Nc6 3. Bg2 g6 4. Nc3 Bg7 5. a3 Nf6 6. Rb1 e6 7. b4 cxb4 8. axb4 0-0 9. Nf3 d5 10. b5 Ne7 11. c5 d4 12. Na4 Nfd5 13. 0-0 e5 14. d3 a6 15. b6 Bd7 16. Bd2 Qc8 17. Rc1 Bh3 18. Qb3 Bxg2 19. Kxg2 Qc6 20. Kg1 Kh8 21. Nb2 f6 22. Nc4 Qxc5 23. Rb1 Qc6 24. Rfc1 Qd7 25. e3 dxe3 26. fxe3 Nc6 27. e4 Nde7 28. Be3 Nd4 29. Nxd4 exd4 30. Bf4 Nc6 31. Bd6 Rfe8 32. Bc7 Re6 33. Rf1 Rae8 34. Rf3 Bf8 35. Rbf1 Be7 36. Qb2 Kg7 37. Qf2 Rf8 38. Kg2 Bd8 39. e5 f5 40. Bd6 Ne7 41. g4 Qc6 42. Kg1 Rf7 43. gxf5 Nxf5 44. Qg2 Nxd6 45. Nxd6 Rxf3 46. Rxf3 Qc1+ 47. Rf1 Qe3+ 48. Kh1 Re7 49. Nxb7 Bxb6 50. Nd6 Qxe5 51. Ne4 Bc7 52. Qf2 Qf5 53. Qg2 Qh5 54. Qf2 Qe5 55. Qf8# 1-0

[Event "Spijkenisse op"]
[Site "Spijkenisse"]
[Date "2010.05.14"]
[Round "1"]
[White "Schroer, Marcel"]
[Black "Van der Pluijm, Dik"]
[Result "1-0"]
[WhiteElo "2065"]
[BlackElo "1876"]
[PlyCount "101"]
[EventDate "2010.05.14"]
[EventType "swiss"]
[EventRounds "6"]
[EventCountry "NED"]
[SourceTitle "CBM 136 Extra"]
[Source "ChessBase"]
[SourceDate "2010.07.02"]
[SourceVersion "2"]
[SourceVersionDate "2010.07.15"]
[SourceQuality "1"]

1. e4 e6 2. d4 d5 3. Nc3 Bb4 4. e5 c5 5. a3 Bxc3+ 6. bxc3 Qa5 7. Bd2 Qa4 8. Nf3 f6 9. Qb1 c4 10. Be2 Nc6 11. 0-0 Nge7 12. exf6 gxf6 13. Nh4 Rg8 14. Re1 Nd8 15. Bh5+ Ng6 16. Nf5 Kd7 17. Nh6 Rf8 18. Qd1 Kc7 19. Ng4 Bd7 20. Bxg6 hxg6 21. Bf4+ Kc6 22. Qe2 Qa5 23. Qe3 e5 24. dxe5 Bxg4 25. exf6 Ne6 26. Bd6 Kxd6 27. Qg3+ Kd7 28. Qxg4 Rxf6 29. Re5 Qc5 30. Re3 Kc7 31. h3 Nf4 32. Rae1 Raf8 33. Re7+ Kb6 34. Rb1+ Ka6 35. Rexb7 Nxh3+ 36. Qxh3 Qxf2+ 37. Kh1 Rf5 38. R7b4 Qxc2 39. Qe3 R8f6 40. Qc5 Rf1+ 41. Rxf1 Rxf1+ 42. Kh2 Rh1+ 43. Kxh1 Qd1+ 44. Kh2 Qh5+ 45. Kg3 Qe5+ 46. Kf2 Qf4+ 47. Ke2 Qe4+ 48. Kd1 Qd3+ 49. Kc1 Qxc3+ 50. Kb1 Qe1+ 51. Ka2 1-0